[Event "11th WUCC Men"]
[Site "Zuerich SUI"]
[Date "2010.09.06"]
[Round "3"]
[White "Erdene,G"]
[Black "Nadj Hedjesi,B"]
[Result "1-0"]
[WhiteElo "2323"]
[BlackElo "2407"]

1.e4 c5 2.Nf3 d6 3.Bb5+ Nd7 4.O-O Nf6 5.Re1 Qc7 6.c3 a6 7.Bf1 e5 8.d4 Be7
9.a4 b6 10.Na3 Bb7 11.d5 O-O 12.Bg5 Qd8 13.b4 h6 14.Bxf6 Bxf6 15.Nc4 Be7
16.Qb1 f5 17.Bd3 cxb4 18.cxb4 Nf6 19.a5 fxe4 20.Bxe4 Nxe4 21.Qxe4 b5 22.Nb6 Rb8
23.g3 Bc8 24.Nd4 Qe8 25.Ne6 Rf7 26.h4 Bb7 27.Rac1 Bd8 28.Rc3 Bxb6 29.axb6 Bc8
30.Nc7 Qd7 31.Ne6 Qe8 32.Rc6 Bxe6 33.dxe6 Qxe6 34.Rd1 Rd8 35.Qd5 Qxd5 36.Rxd5 Rfd7
37.Kg2 Kf7 38.Kf3 Ke6 39.Ke4 Ke7 40.h5 Rf8 41.f3 Rf6 42.Ke3 Rb7 43.Ke4 Kd7
44.Rc2 Rxb6 45.Rd3 Ke6 46.Rc7 Rf7 47.Rxf7 Kxf7 48.Kd5 Kf6 49.Rc3 a5 50.bxa5 Ra6
51.Rb3 Rxa5 52.Kxd6 Ra8 53.Rxb5 Rd8+ 54.Kc5 Rd3 55.Rb6+ Kf5 56.Rg6 Rxf3 57.Rxg7 e4
58.Kd4 Rd3+ 59.Kc4 Rd8 60.Rf7+ Ke6 61.Ra7 Rd1 62.Ra8 Kf5 63.Rf8+ Ke5 64.Re8+ Kf5
65.Rf8+ Kg5 66.Re8 Re1 67.Kd4 Kxh5 68.Rg8 Re2 69.Rg7 Re1 70.Rg8 e3 71.Kd3 e2
72.Kd2 Rf1 73.Kxe2 Rf5 74.g4+  1-0

[Event "7th Malaysia Open"]
[Site "Kuala Lumpur MAS"]
[Date "2010.09.07"]
[Round "9"]
[White "Xu Yuhua"]
[Black "Pham Chuong"]
[Result "1/2-1/2"]
[WhiteElo "2475"]
[BlackElo "2361"]

1.e4 c5 2.Nf3 d6 3.Bb5+ Bd7 4.Bxd7+ Qxd7 5.c4 Nf6 6.Nc3 Nc6 7.d4 cxd4 8.Nxd4 g6
9.f3 Bg7 10.Be3 O-O 11.O-O a6 12.a4 Qc7 13.Nde2 Nb4 14.b3 Nd7 15.Rb1 Nc5
16.Kh1 Rad8 17.Qd2 a5 18.Nd4 Qd7 19.Nde2 f5 20.exf5 Qxf5 21.Rfd1 e6 22.Nd4 Qh5
23.Ndb5 b6 24.Bd4 Bh6 25.Be3 Bg7 26.Bd4 Bh6 27.Be3 Bg7  1/2-1/2

[Event "TCh-CRO Gp1A"]
[Site "Sibenik CRO"]
[Date "2010.09.07"]
[Round "4"]
[White "Rade,M"]
[Black "Cebalo,M"]
[Result "1/2-1/2"]
[WhiteElo "2428"]
[BlackElo "2493"]

1.e4 c5 2.Nf3 d6 3.Bb5+ Nc6 4.O-O Bd7 5.c3 Nf6 6.Re1 a6 7.Ba4 b5 8.Bc2 e5
9.h3 Be7 10.d4 Qc7 11.d5 Nd8 12.Nbd2 O-O 13.Nf1 Ne8 14.a4 Rb8 15.axb5 axb5
16.b4 c4 17.N3h2 f6 18.f4 exf4 19.Bxf4 Nf7 20.Ne3 g6 21.Rf1 Ng7 22.Nf3 Ne5
23.Nd4 Qb7 24.Qc1 Bd8 25.Qd2 Bb6 26.Bh6 Rbe8 27.Kh2 Nf7 28.Bf4 Nh5 29.Ng4 Bxg4
30.hxg4 Nxf4 31.Qxf4 Bxd4 32.cxd4 Qb6 33.Qd2 Kg7 34.Ra3 Ra8 35.Rxa8 Rxa8
36.g5 fxg5 37.Qf2 Qc7 38.Qf6+ Kg8 39.e5 dxe5 40.d6 Nxd6 41.dxe5 Nf7 42.Be4 Re8
43.Bd5 Qxe5+ 44.Qxe5 Rxe5 45.Bxf7+ Kg7 46.g4 Re2+ 47.Kg3 Re3+ 48.Kg2 Re4
49.Bd5 Rxg4+ 50.Kf3 Rd4 51.Be4 c3 52.Rc1 Rxb4 53.Rxc3 Rc4 54.Ra3 Kf6 55.Ra7 Rc3+
56.Ke2 Ke5 57.Bd3 h5 58.Rb7 Kf4 59.Rxb5 Rc6  1/2-1/2

[Event "TCh-CRO Gp1A"]
[Site "Sibenik CRO"]
[Date "2010.09.08"]
[Round "5"]
[White "Movsesian,S"]
[Black "Dreev,A"]
[Result "1/2-1/2"]
[WhiteElo "2723"]
[BlackElo "2649"]

1.e4 c5 2.Nf3 d6 3.Bb5+ Bd7 4.Bxd7+ Qxd7 5.c4 g6 6.d4 cxd4 7.Nxd4 Bg7 8.Nc3 Nf6
9.h3 Qc7 10.b3 Qa5 11.Bd2 Nxe4 12.Nxe4 Qe5 13.Qb1 f5 14.Bc3 Qxe4+ 15.Qxe4 fxe4
16.Nb5 Bxc3+ 17.Nxc3 O-O 18.Nxe4 Rf5  1/2-1/2

[Event "InventiChess GM"]
[Site "Antwerp BEL"]
[Date "2010.09.09"]
[Round "7"]
[White "Meier,Geo"]
[Black "Piceu,T"]
[Result "1-0"]
[WhiteElo "2659"]
[BlackElo "2330"]

1.e4 c5 2.Nf3 d6 3.Bb5+ Nd7 4.d4 a6 5.Bxd7+ Bxd7 6.dxc5 dxc5 7.Nc3 Bg4 8.Qxd8+ Rxd8
9.Ne5 Nf6 10.Be3 e6 11.f3 Bh5 12.h4 h6 13.a4 Be7 14.a5 O-O 15.Na4 Bd6 16.Nc4 Bg3+
17.Bf2 Bxf2+ 18.Kxf2 Rd4 19.b3 Rc8 20.Ke3 Kf8 21.Ncb6 Rc7 22.Nxc5 e5 23.c3  1-0

[Event "TCh-CHN"]
[Site "Guangzhou CHN"]
[Date "2010.09.10"]
[Round "10"]
[White "Yu Ruiyuan"]
[Black "Xiu Deshun"]
[Result "1-0"]
[WhiteElo "2309"]
[BlackElo "2493"]

1.e4 c5 2.Nf3 d6 3.Bb5+ Nd7 4.d4 Nf6 5.Nc3 a6 6.Bxd7+ Nxd7 7.Be3 e6 8.a4 Be7
9.O-O O-O 10.d5 Rb8 11.Qd3 Kh8 12.h3 b5 13.axb5 axb5 14.Nxb5 f5 15.dxe6 fxe4
16.Qxe4 Nf6 17.Qd3 d5 18.Na7 Bb7 19.Bf4 c4 20.Qd4 Ra8 21.Ng5 Ne4 22.Nf7+ Rxf7
23.exf7 Bc5 24.Qe5 Qd7 25.Be3 Bd6 26.Nb5 Rf8 27.Nxd6 Nxd6 28.Bc5 Nxf7 29.Qe7 Qxe7
30.Bxe7 Rb8 31.Bc5 Kg8 32.Rfe1 h5 33.Re6 Rd8 34.Ra7  1-0

[Event "TCh-CHN"]
[Site "Guangzhou CHN"]
[Date "2010.09.10"]
[Round "10"]
[White "Liang Jinrong"]
[Black "Zhou Jianchao"]
[Result "0-1"]
[WhiteElo "2462"]
[BlackElo "2650"]

1.e4 c5 2.Nf3 d6 3.Bb5+ Nd7 4.d4 cxd4 5.Qxd4 a6 6.Bxd7+ Bxd7 7.Nc3 e5 8.Qd3 h6
9.Nd2 Rc8 10.Nc4 Qc7 11.Ne3 Nf6 12.O-O Be7 13.Rd1 Be6 14.Bd2 Qc5 15.Rac1 O-O
16.Be1 Rfd8 17.h3 g6 18.a3 Kg7 19.Ncd5 Bxd5 20.Nxd5 Nxd5 21.Qxd5 Bg5 22.Qxc5 Rxc5
23.Bd2 f5 24.Bxg5 hxg5 25.Rd2 Kf6 26.Re1 Ke6 27.Kf1 b5 28.c3 a5 29.g4 fxe4
30.Rxe4 a4 31.Kg2 Rf8 32.Re3 Rd5 33.Rde2 Rf4 34.Kg3 Rd1 35.f3 Rf8 36.h4 gxh4+
37.Kxh4 Rf1 38.Kg5 R8xf3 39.Rxf3 Rxf3 40.Kxg6 d5 41.g5 e4 42.Rg2 e3 43.Kh7 Rf7+
44.Kh6 Rf2 45.Rg3 e2 46.Re3+ Kf5 47.g6 Kf6 48.Kh5 Rf5+ 49.Kh6 Rf1  0-1

[Event "e2e4 Open"]
[Site "Sunningdale ENG"]
[Date "2010.09.10"]
[Round "1"]
[White "Wall,G"]
[Black "Pleasants,A"]
[Result "1-0"]
[WhiteElo "2308"]
[BlackElo "2085"]

1.e4 c5 2.Nf3 d6 3.Bb5+ Bd7 4.a4 Nf6 5.d3 Nc6 6.O-O g6 7.Nbd2 Bg7 8.Nc4 O-O
9.Re1 Qc7 10.Bg5 h6 11.Bh4 Bg4 12.c3 g5 13.Bg3 Nh5 14.Ne3 Bxf3 15.Qxf3 Nxg3
16.Qxg3 e6 17.h4 Qe7 18.hxg5 hxg5 19.Bxc6 bxc6 20.Re2 Be5 21.Qg4 Kg7 22.g3 Rh8
23.Nc4 Qf6 24.Kg2 Qg6 25.Rg1 Qh5 26.Qxh5 Rxh5 27.f4 gxf4 28.gxf4 Bxf4 29.Kf3+ Bg5
30.Reg2 f6 31.Nxd6 Rh3+ 32.Rg3 Rah8 33.e5 f5 34.Nb7 R8h4 35.Nxc5 Kf7 36.d4 Rf4+
37.Ke2 Rxg3 38.Rxg3 Bh6 39.Nxe6 Kxe6 40.Rg6+ Kd5 41.Rxh6 c5 42.Rd6+ Kc4 43.e6 Kb3
44.dxc5  1-0

[Event "Open"]
[Site "Livigno ITA"]
[Date "2010.09.16"]
[Round "7"]
[White "Weisbuch,U"]
[Black "Jedlicka,A"]
[Result "1-0"]
[WhiteElo "2306"]
[BlackElo "2279"]

1.e4 c5 2.Nf3 d6 3.Bb5+ Bd7 4.Bxd7+ Qxd7 5.c4 Nf6 6.Nc3 g6 7.d4 cxd4 8.Nxd4 Bg7
9.f3 O-O 10.Nde2 Rc8 11.b3 a6 12.a4 Qc7 13.Be3 Qa5 14.O-O Nc6 15.Qd2 Rd8
16.Rfd1 Rac8 17.Rab1 e6 18.Bg5 Rd7 19.Kh1 Qb6 20.h3 Nb4 21.Rbc1 Nh5 22.c5 Qa7
23.cxd6 Rc6 24.g4 Qf2 25.gxh5 Qxf3+ 26.Kg1 Rcxd6 27.Qe3 Rxd1+ 28.Nxd1 Qxh5
29.Rc8+ Bf8 30.Bh6 Rxd1+ 31.Kg2  1-0

[Event "Open"]
[Site "Livigno ITA"]
[Date "2010.09.16"]
[Round "7"]
[White "Arnetta,MariaT"]
[Black "Codenotti,M"]
[Result "0-1"]
[WhiteElo "2111"]
[BlackElo "2175"]

1.e4 c5 2.Nf3 d6 3.Bb5+ Bd7 4.Bxd7+ Nxd7 5.O-O Ngf6 6.Re1 e6 7.c3 Be7 8.d4 O-O
9.Bg5 h6 10.dxc5 Nxc5 11.Bxf6 Bxf6 12.Qe2 Qc7 13.Na3 a6 14.Rad1 Rfd8 15.Nc2 b5
16.Nfd4 g6 17.Qf3 Bg7 18.Ne3 Qb7 19.Nec2 a5 20.Qe2 b4 21.Nb5 Nxe4 22.Qxe4 Qxb5
23.Rxd6 bxc3 24.bxc3 Bxc3 25.Red1 Rxd6 26.Qxa8+ Kg7 27.Rf1 Qe2 28.Ne3 Qxa2
29.Qf3 Rd2 30.Nf5+ exf5 31.Qxc3+ Kh7 32.h4 Qd5 33.h5 gxh5 34.Kh2 h4 35.Qh3 a4
36.Qe3 Qd6+ 37.f4 a3 38.Ra1 a2 39.Qb3 Qg6 40.Qb7 h3 41.Kxh3 Qg4+ 42.Kh2 Qxf4+
43.Kh1 Qh4+ 44.Kg1 Qd4+ 45.Kh2 Qe5+  0-1

[Event "WCh w Blitz Final"]
[Site "Moscow RUS"]
[Date "2010.09.17"]
[Round "1"]
[White "Muzychuk,A"]
[Black "Gaponenko,I"]
[Result "1/2-1/2"]
[WhiteElo "2535"]
[BlackElo "2469"]

1.e4 c5 2.Nf3 d6 3.Bb5+ Bd7 4.Bxd7+ Qxd7 5.O-O Nf6 6.Qe2 Nc6 7.c3 e6 8.d4 cxd4
9.cxd4 d5 10.e5 Ne4 11.Be3 Be7 12.Ne1 f6 13.f3 Ng5 14.Nd2 Nf7 15.f4 f5 16.Nd3 O-O
17.h3 b6 18.Rac1 Rac8 19.Rc2 Nb4 20.Rxc8 Rxc8 21.Nxb4 Bxb4 22.Nf3 Qa4 23.b3 Qd7
24.Rc1 Rxc1+ 25.Bxc1 Qc6 26.Be3 b5 27.g4 g6 28.gxf5 gxf5 29.h4 Be7 30.h5 Nh6
31.Qg2+ Kh8 32.Ng5 Ng4 33.Qe2 Bxg5 34.fxg5 Qc3 35.Bf2 Qc1+ 36.Kg2 Qxg5 37.Qxb5 Nxe5+
38.Kf1 Qc1+ 39.Kg2 Qg5+ 40.Kf1 Qc1+ 41.Kg2 Qg5+ 42.Kf1 Qc1+ 43.Kg2  1/2-1/2

[Event "WCh w Blitz Final"]
[Site "Moscow RUS"]
[Date "2010.09.17"]
[Round "1"]
[White "Skripchenko,A"]
[Black "Kosteniuk,A"]
[Result "0-1"]
[WhiteElo "2464"]
[BlackElo "2524"]

1.e4 c5 2.Nf3 d6 3.Bb5+ Nc6 4.Bxc6+ bxc6 5.O-O e5 6.Re1 Be7 7.c3 Bg4 8.d3 Nf6
9.Nbd2 O-O 10.h3 Bh5 11.Nf1 Nd7 12.Ng3 Bg6 13.d4 cxd4 14.cxd4 Rb8 15.dxe5 Nxe5
16.Nxe5 dxe5 17.Qc2 Qb6 18.b3 Bc5 19.Be3 Bd4 20.Bxd4 exd4 21.Qd3 Rfd8 22.Rad1 Qa5
23.Re2 h6 24.f4 f6 25.Rc1 Rbc8 26.Nf1 Bf7 27.Nd2 Qxa2 28.Nc4 Qa6 29.e5 fxe5
30.fxe5 Be6 31.Rf2 c5 32.Rcf1 Bxc4 33.bxc4 Qe6 34.Qg3 Rf8 35.Rf6 Qxc4 36.e6 Rxf6
37.Rxf6 Qc1+ 38.Kh2 Qg5 39.Qxg5 hxg5 40.Rf5 d3 41.Kg1 c4 42.e7 Re8 43.Rc5 d2  0-1

[Event "WCh w Blitz Final"]
[Site "Moscow RUS"]
[Date "2010.09.17"]
[Round "3"]
[White "Skripchenko,A"]
[Black "Sebag,M"]
[Result "1-0"]
[WhiteElo "2464"]
[BlackElo "2499"]

1.e4 c5 2.Nf3 d6 3.Bb5+ Nc6 4.Bxc6+ bxc6 5.O-O Bg4 6.d3 e6 7.Nbd2 Nf6 8.b3 Nd7
9.Bb2 e5 10.h3 Bh5 11.Re1 Be7 12.Nf1 O-O 13.Ng3 Bg6 14.c3 Bf6 15.d4 cxd4
16.cxd4 exd4 17.Bxd4 Ne5 18.Nxe5 dxe5 19.Bc5 Re8 20.Qc2 Bh4 21.Nf1 Qf6 22.Rad1 h6
23.g3 Bg5 24.h4 Bxh4 25.gxh4 Bh5 26.Rd3 Re6 27.Rg3 Qxh4 28.Ne3 Rg6 29.Nf5 Rxg3+
30.fxg3 Qg5 31.Qc1 Qg4 32.Qe3 Rd8 33.Bxa7 Rd1 34.Rxd1 Qxd1+ 35.Kg2 Be2 36.Qf2 Bd3
37.Nd6 f6 38.Be3 Bb1 39.Qd2 Qg4 40.Qb2 Bd3 41.Qd2 Bxe4+ 42.Nxe4 Qxe4+ 43.Kf2 h5
44.a4 h4 45.gxh4 Qxh4+ 46.Ke2 Qh2+ 47.Kd3 Qh1 48.Kc3 Qe4 49.a5 f5 50.a6 f4
51.Bc5 Qf3+ 52.Qd3 Qh5 53.a7 Qe8 54.Qa6 Qa8 55.Qb6  1-0

[Event "WCh w Blitz Final"]
[Site "Moscow RUS"]
[Date "2010.09.17"]
[Round "6"]
[White "Muzychuk,M"]
[Black "Gaponenko,I"]
[Result "0-1"]
[WhiteElo "2464"]
[BlackElo "2469"]

1.e4 c5 2.Nf3 d6 3.Bb5+ Bd7 4.Bxd7+ Qxd7 5.O-O Nf6 6.Re1 Nc6 7.c3 e6 8.d4 cxd4
9.cxd4 d5 10.e5 Ne4 11.Nbd2 Nxd2 12.Bxd2 Be7 13.Rc1 O-O 14.Qb3 f6 15.exf6 Rxf6
16.Qd3 Raf8 17.Re2 h6 18.a3 Bd6 19.b4 a6 20.Ne5 Bxe5 21.dxe5 R6f7 22.a4 Ne7
23.b5 axb5 24.axb5 Nf5 25.Bb4 Rc8 26.Rec2 Rxc2 27.Rxc2 Qd8 28.g3 Rd7 29.Qc3 d4
30.Qd3 Qb6 31.Rc8+ Rd8 32.Bc5 Qa5 33.Rxd8+ Qxd8 34.g4 Nh4 35.Bb4 Qd5 36.Kf1 Qg2+
37.Ke2 Qxg4+ 38.Kd2 Qf4+ 39.Kc2 Qxe5 40.Qc4 Nf3 41.Qc8+ Kh7 42.Qxb7 Qe2+
43.Kb3 d3 44.Qd7 d2 45.Bxd2 Nxd2+ 46.Kb4 Qe4+ 47.Ka5 Nc4+ 48.Ka6 Qa8+ 49.Qa7 Qxa7+
50.Kxa7 Kg6 51.Kb7 Kf5 52.Kc6 e5 53.Kc5 Na5 54.b6 Ke6 55.Kb5 Nb7 56.Kc6 Nd8+
57.Kc7 Ke7 58.f3 g5 59.h3 h5 60.b7 Nxb7 61.Kxb7 Kd6 62.Kb6 Kd5 63.Kc7 e4
64.fxe4+ Kxe4  0-1

[Event "WCh w Blitz Final"]
[Site "Moscow RUS"]
[Date "2010.09.18"]
[Round "24"]
[White "Muzychuk,M"]
[Black "Sebag,M"]
[Result "0-1"]
[WhiteElo "2464"]
[BlackElo "2499"]

1.e4 c5 2.Nf3 d6 3.Bb5+ Nc6 4.O-O Bd7 5.Re1 Nf6 6.c3 a6 7.Bxc6 Bxc6 8.d4 cxd4
9.cxd4 Bxe4 10.Nc3 d5 11.Bg5 e6 12.Nxe4 dxe4 13.Rxe4 Be7 14.Bxf6 gxf6 15.Qb3 Qd7
16.Rd1 O-O-O 17.d5 exd5 18.Red4 Kb8 19.Rxd5 Qe6 20.Kf1 Rxd5 21.Qxd5 Rd8 22.Qxe6 Rxd1+
23.Qe1 Rxe1+ 24.Kxe1 Kc7 25.Ke2 Kd6 26.Kd3 Kd5 27.Nd2 f5 28.f3 b5 29.b3 a5
30.a4 bxa4 31.bxa4 Kc5 32.Kc3 Bf6+ 33.Kb3 Bd8 34.Nc4 Bc7 35.Ne3 f4 36.Nc4 Kd4
37.Nd2 Ke3 38.Ne4 f5 39.Nf6 Kf2 40.Nxh7 Kxg2 41.Ng5 Kxh2 42.Kc4 Kg3 43.Kd5 Bd8
44.Ne6 Bf6 45.Nc5 Kxf3 46.Ke6 Bc3 47.Kxf5 Ke3 48.Ne4 Bb4 49.Ng3 fxg3  0-1

[Event "TCh-NED Meesterklasse 2010-11"]
[Site "Netherlands NED"]
[Date "2010.09.18"]
[Round "1.2"]
[White "Smeets,J"]
[Black "Bezemer,A"]
[Result "1-0"]
[WhiteElo "2669"]
[BlackElo "2318"]

1.e4 c5 2.Nf3 d6 3.Bb5+ Bd7 4.Bxd7+ Qxd7 5.O-O Nf6 6.Qe2 Nc6 7.c3 e6 8.d4 cxd4
9.cxd4 d5 10.e5 Ne4 11.Be3 Be7 12.Ne1 f6 13.f3 Ng5 14.Nd3 O-O 15.Nd2 Nf7
16.f4 f5 17.Nc5 Qc8 18.Qb5 b6 19.Na6 Qd7 20.a4 g5 21.fxg5 Nxg5 22.Rac1 Rac8
23.Rc3 Nb8 24.Qxd7 Nxd7 25.Bxg5 Bxg5 26.Rg3  1-0

[Event "DDS GM"]
[Site "Borovo CRO"]
[Date "2010.09.20"]
[Round "1"]
[White "Leventic,I"]
[Black "Cabrilo,G"]
[Result "1/2-1/2"]
[WhiteElo "2498"]
[BlackElo "2455"]

1.e4 c5 2.Nf3 d6 3.Bb5+ Bd7 4.Bxd7+ Qxd7 5.O-O Nc6 6.c3 Nf6 7.Re1 e6 8.d4 cxd4
9.cxd4 d5 10.e5 Ne4 11.Nbd2 Nxd2 12.Bxd2 Be7 13.Rc1 O-O 14.Rc3 Rac8  1/2-1/2

[Event "EYCC Boys U16"]
[Site "Batumi GEO"]
[Date "2010.09.21"]
[Round "2"]
[White "Mammadov,Me"]
[Black "Loiseau,Q"]
[Result "1-0"]
[WhiteElo "1832"]
[BlackElo "2262"]

1.e4 c5 2.Nf3 d6 3.Bb5+ Nc6 4.Bxc6+ bxc6 5.O-O Bg4 6.c3 e6 7.d4 cxd4 8.cxd4 Ne7
9.Nc3 d5 10.Bg5 Qd7 11.h3 Bxf3 12.Qxf3 dxe4 13.Nxe4 Nd5 14.Rac1 Be7 15.Bxe7 Nxe7
16.Qg4 Ng6 17.Nc5 Qd5 18.Nb3 O-O 19.Rc5 Qd7 20.h4 Ne7 21.Rfc1 Rfd8 22.h5 h6
23.R1c3 Nf5 24.Rxc6 Nxd4 25.Rc7 Qd6 26.Nxd4 Qxd4 27.Qxd4 Rxd4 28.Rf3 Rf8
29.Rxa7 Rh4 30.Ra5 Rd8 31.g3 Rhd4 32.Ra7 R8d7 33.Ra8+ Rd8 34.Rxd8+ Rxd8 35.Rc3 Kf8
36.b4 Rd5 37.Rc5 Rd4 38.b5 Ke8 39.a3 g6 40.Kg2 Rd2 41.a4 gxh5 42.a5 Kd7 43.a6 Ra2
44.Rxh5 Kc7 45.Rxh6 Kb6 46.Rh5 f5 47.Rh6 Kxb5 48.Rxe6 f4 49.g4 Kc5 50.g5 Kd5
51.Rb6 Ke4 52.g6 f3+ 53.Kg3 Ra1 54.Rb4+ Kf5 55.g7 Rg1+ 56.Kxf3 Rxg7 57.Rb7 Rg1
58.Rb5+  1-0

[Event "EYCC Girls U16"]
[Site "Batumi GEO"]
[Date "2010.09.21"]
[Round "2"]
[White "Madoian,I"]
[Black "Shvayger,Y"]
[Result "0-1"]
[WhiteElo "1754"]
[BlackElo "2200"]

1.e4 c5 2.Nf3 d6 3.Bb5+ Nc6 4.d4 cxd4 5.Qxd4 Qd7 6.Qa4 a6 7.O-O Rb8 8.Bxc6 Qxc6
9.Qxc6+ bxc6 10.Nc3 e5 11.b3 Be7 12.Ba3 Bb7 13.Rad1 Rd8 14.Na4 Nf6 15.Rfe1 c5
16.Nd2 O-O 17.f3 Ne8 18.Nc4 f5 19.exf5 Rxf5 20.Ne3 Rf7 21.Nc3 Nc7 22.Ncd5 Bh4
23.Re2 Nb5 24.Bb2 Nd4 25.Red2 Bg5 26.Rd3 Bxd5 27.Nxd5 Nxc2 28.Nc7 Rxc7 29.Rxd6 Nd4
30.Rxd8+ Bxd8 31.Bxd4 cxd4  0-1

[Event "EYCC Boys U12"]
[Site "Batumi GEO"]
[Date "2010.09.22"]
[Round "3"]
[White "Msellek,I"]
[Black "Ozgur,T"]
[Result "1-0"]
[WhiteElo "2066"]
[BlackElo "1590"]

1.e4 c5 2.Nf3 d6 3.Bb5+ Bd7 4.Bxd7+ Qxd7 5.O-O g6 6.c3 Nf6 7.Re1 Bg7 8.d4 O-O
9.Nbd2 Rd8 10.Qe2 Nc6 11.d5 Ne5 12.Nxe5 dxe5 13.Nc4 Ne8 14.Be3 Rac8 15.Rad1 Nd6
16.f3 Qb5 17.Na3 Qa5 18.Ra1 Rb8 19.Rec1 c4 20.Qf2 b6 21.Nc2 Qb5 22.Nb4 Rb7
23.a4 Qd7 24.a5 b5 25.Nc6 Ra8 26.a6 Rc7 27.Bc5 e6 28.Bb4 exd5 29.exd5 Nf5
30.Qc5 Bh6 31.Re1 Ne3 32.Rxe3 Bxe3+ 33.Qxe3 f6 34.Ne7+ Kf7 35.Qh6 f5 36.Qxh7+ Kf6
37.Qxg6+  1-0

[Event "39th Olympiad Women"]
[Site "Khanty-Mansiysk RUS"]
[Date "2010.09.23"]
[Round "3"]
[White "Arribas Robaina,M"]
[Black "Fransson,A"]
[Result "1-0"]
[WhiteElo "2282"]
[BlackElo "1910"]

1.e4 c5 2.Nf3 d6 3.Bb5+ Nd7 4.O-O Nf6 5.Re1 a6 6.Bf1 b6 7.c4 Ne5 8.d4 Nxf3+
9.Qxf3 cxd4 10.e5 Bg4 11.Qg3 dxe5 12.Bg5 Bc8 13.Qxe5 e6 14.Nd2 Bd6 15.Bxf6 gxf6
16.Qh5 e5 17.Nf3 Bb7 18.Nxd4 Bb4 19.Ne6 Qe7 20.Ng7+ Kd7 21.Red1+ Kc7 22.a3 Qf8
23.axb4 Qxg7 24.c5 b5 25.Rd6 Rhg8 26.g3 Qg6 27.Qxg6 Rxg6 28.Rad1 Bc6 29.Rxc6+  1-0

[Event "39th Olympiad Men"]
[Site "Khanty-Mansiysk RUS"]
[Date "2010.09.23"]
[Round "3"]
[White "Steil Antoni,F"]
[Black "Kreisl,R"]
[Result "1/2-1/2"]
[WhiteElo "2152"]
[BlackElo "2376"]

1.e4 c5 2.Nf3 d6 3.Bb5+ Nc6 4.O-O Bd7 5.c3 Nf6 6.Re1 a6 7.Ba4 b5 8.Bc2 e5
9.d4 Be7 10.dxc5 dxc5 11.Nbd2 O-O 12.Nf1 Be6 13.Bg5 Qb8 14.Ne3 Rd8 15.Qe2 Ra7
16.Nf5 Ne8 17.Nxe7+ Nxe7 18.b3 f6 19.Be3 Qc8 20.Red1 Rad7 21.Rxd7 Rxd7 22.Rd1 c4
23.Rxd7 Qxd7 24.Qd2 Qc7 25.b4 Nd6 26.Ne1 Nc6 27.f3  1/2-1/2

[Event "39th Olympiad Men"]
[Site "Khanty-Mansiysk RUS"]
[Date "2010.09.23"]
[Round "3"]
[White "Rozentalis,E"]
[Black "Mas,H"]
[Result "0-1"]
[WhiteElo "2611"]
[BlackElo "2422"]

1.e4 c5 2.Nf3 d6 3.Bb5+ Nc6 4.O-O Bd7 5.Re1 Nf6 6.h3 a6 7.Bf1 Ne5 8.Nxe5 dxe5
9.a4 e6 10.b3 Bc6 11.d3 Bd6 12.a5 Bc7 13.Bd2 O-O 14.Bc3 Nd7 15.Nd2 Bb5 16.Qb1 Rc8
17.Nc4 f6 18.g3 Rf7 19.Bg2 Nb8 20.Qd1 Nc6 21.Qd2 Bxc4 22.bxc4 Nb4 23.Bxb4 cxb4
24.Qxb4 Bd6 25.Qd2 Bf8 26.Red1 Rd7 27.Qe1 Bc5 28.Rdb1 Rf7 29.Qd2 Qd6 30.Kh1 Ba7
31.Ra4 Rcc7 32.Rf1 Rfd7 33.f4 Qd4 34.Qe2 exf4 35.gxf4 Rc5 36.Ra3 g6 37.Qf3 Qb2
38.Rfa1 Qxc2 39.Rf1 Qb2 40.Rfa1 Rh5 41.R3a2 Qc3 42.Ra3 Qb4 43.Ra4 Qd6 44.Rf1 Bb8
45.c5 Rxc5 46.d4 Qc6 47.dxc5 Qxa4 48.e5 Qc2 49.exf6 Qxc5 50.Qb3 Kf7 51.Bxb7 Qxa5
52.Bc8 Qd5+ 53.Qxd5 Rxd5 54.Re1 Rd6 55.Ra1 Rc6 56.Bb7 Rb6 57.Bc8 Rc6 58.Bb7 Rc3
59.Bxa6 Rxh3+ 60.Kg2 Rc3 61.Ra4 Kxf6 62.Bb7 Kf5 63.Be4+ Kf6 64.Bf3 Rc2+ 65.Kh3 Rf2
66.Kg3 Rb2 67.Kh3 Bd6 68.Rd4 Rb6 69.Kg2 Kf5 70.Be4+ Kf6 71.Bf3 Bb8 72.Bg4 Rb2+
73.Kf3 h5 74.Bh3 Rb3+ 75.Kg2 e5 76.fxe5+ Bxe5 77.Rd7 g5 78.Rh7 Rg3+ 79.Kh2 Re3+
80.Kg2 Kg6  0-1

[Event "39th Olympiad Men"]
[Site "Khanty-Mansiysk RUS"]
[Date "2010.09.23"]
[Round "3"]
[White "Shobaita,Ahmed"]
[Black "Brookfield,T"]
[Result "1-0"]
[WhiteElo "2072"]
[BlackElo "1782"]

1.e4 c5 2.Nf3 d6 3.Bb5+ Bd7 4.Bxd7+ Qxd7 5.O-O Nf6 6.Re1 Nc6 7.c3 e6 8.d4 cxd4
9.cxd4 Be7 10.Nc3 O-O 11.Bg5 Rfe8 12.d5 Ne5 13.Nxe5 dxe5 14.dxe6 Qxe6 15.Bxf6 Bxf6
16.Nd5 Rac8 17.Qb3 Qc6 18.g3 Bg5 19.h4 Bh6 20.Red1 Kh8 21.Rd3 g6 22.Rc3 Qe6
23.Qxb7 Rb8 24.Qxa7 Rxb2 25.Rc7 Kg7 26.Rd1 Rf8 27.Qa3 Rfb8 28.Re7 Qg4 29.Rxf7+ Kh8
30.Rxh7+  1-0

[Event "39th Olympiad Men"]
[Site "Khanty-Mansiysk RUS"]
[Date "2010.09.24"]
[Round "4"]
[White "Rooze,J"]
[Black "Hernandez Carmenates,Hold"]
[Result "1/2-1/2"]
[WhiteElo "2288"]
[BlackElo "2563"]

1.e4 c5 2.Nf3 d6 3.Bb5+ Nd7 4.d4 a6 5.Bxd7+ Bxd7 6.dxc5 dxc5 7.Nc3 e6 8.O-O Ne7
9.Bg5 f6 10.Be3 Ng6 11.h4 h5 12.Qd3 Qc7 13.e5 Nxe5 14.Nxe5 Qxe5 15.Qg6+ Ke7
16.Rad1 Be8 17.Qe4 Qxe4 18.Bxc5+ Kf7 19.Nxe4 Bc6 20.Bxf8 Rhxf8 21.Nd6+ Ke7
22.Rfe1 g6 23.Nc4 a5 24.f4 b5 25.Rd6 Bd5 26.Rxd5 bxc4 27.f5 gxf5 28.Rxf5 Rfd8
29.Re2 c3 30.bxc3 Rd1+ 31.Kf2 Ra1 32.Rxh5 Rxa2 33.Rh7+ Kd6 34.Rf7 f5 35.Rb7 a4
36.Rb6+ Kc5 37.Rbxe6 Kc4 38.Rc6+ Kd5 39.Rf6 a3 40.Rxf5+ Kc4 41.Rf3 Rb2 42.Re4+ Kc5
43.Rf5+ Kd6 44.Rf6+ Kd5 45.Ke3 a2 46.Rf5+ Kc6 47.Rf6+ Kb5 48.Rf5+ Kc6 49.Rf6+ Kb5
50.Rf5+  1/2-1/2

[Event "39th Olympiad Women"]
[Site "Khanty-Mansiysk RUS"]
[Date "2010.09.24"]
[Round "4"]
[White "Stojanovic,MarijaR"]
[Black "Majdan,J"]
[Result "0-1"]
[WhiteElo "2112"]
[BlackElo "2333"]

1.e4 c5 2.Nf3 d6 3.Bb5+ Nc6 4.O-O Bd7 5.Re1 Nf6 6.c3 a6 7.Bf1 Bg4 8.h3 Bxf3
9.Qxf3 g6 10.d3 Bg7 11.Be3 O-O 12.Nd2 Nd7 13.Qg3 e5 14.f4 Qe7 15.Nf3 Rac8
16.Rad1 Rfe8 17.f5 Kh8 18.fxg6 hxg6 19.Ng5 Kg8 20.Be2 Nf8 21.Bg4 Rc7 22.Rf1 Nd8
23.h4 f6 24.Nf3 Nf7 25.Bh3 c4 26.Nh2 cxd3 27.Rxd3 Rc4 28.h5 Rxe4 29.hxg6 Nh8
30.Bf5 Rxe3 31.Rxe3 Bh6 32.Re2 d5 33.Ng4 Bg5 34.b4 Kg7 35.Rd1 Nhxg6 36.Rxd5 Nf4
37.Red2 Nxd5 38.Rxd5 Rd8 39.Qd3 Rxd5 40.Qxd5 Qc7 41.c4 Qb6+ 42.Qc5 Qd8 43.Qd5 Qb6+
44.Qc5 Qxc5+ 45.bxc5 Kf7 46.Bc8 Ne6 47.c6 bxc6 48.Bxa6 Nc5 49.Bc8 Ke7 50.Nf2 Na4
51.Nd3 Kd6 52.Bf5 Nc3 53.a3 e4 54.Ne1 Ke5 55.Bd7 Ne2+ 56.Kf2 Nd4 57.g3 Bc1
58.a4 Kd6 59.Be8 e3+ 60.Kf1 Bd2 61.Nd3 f5 62.Bh5 c5 63.Bd1 Nc6 64.Ke2 Na5
65.Bc2 Nxc4 66.Nf4 Ke5 67.Ng6+ Kd4 68.Bxf5 Nd6 69.Bb1 Kc3 70.Ne5 c4 71.a5 Nb5
72.Nc6 Kb2 73.a6 Kxb1 74.a7 Nc7  0-1

[Event "39th Olympiad Women"]
[Site "Khanty-Mansiysk RUS"]
[Date "2010.09.24"]
[Round "4"]
[White "Al Khelaifi,A"]
[Black "Krifa,N"]
[Result "1/2-1/2"]
[WhiteElo "1635"]
[BlackElo "1794"]

1.e4 c5 2.Nf3 d6 3.Bb5+ Bd7 4.Bxd7+ Qxd7 5.d3 Nc6 6.Nc3 e6 7.O-O Be7 8.Be3 Nf6
9.Qe2 O-O 10.Rad1 Rad8 11.d4 Qc8 12.d5 exd5 13.exd5 Nb8 14.Qd3 Rfe8 15.Rfe1 Nbd7
16.Bf4 a6 17.Ng5 Nf8 18.Qf3 Qd7 19.Nce4 Nxe4 20.Nxe4 Ng6 21.Bg3 Rf8 22.Qe2 Qf5
23.h3 Qd7 24.Nc3 Bf6 25.Qd2 Rfe8 26.Ne4 Be7 27.Nc3 Bf6 28.Ne4 Be7 29.Nc3 Bf6
30.Ne4 Be7 31.Nc3  1/2-1/2

[Event "39th Olympiad Women"]
[Site "Khanty-Mansiysk RUS"]
[Date "2010.09.24"]
[Round "4"]
[White "Muminova,N"]
[Black "Daulyte,D"]
[Result "1/2-1/2"]
[WhiteElo "2319"]
[BlackElo "2307"]

1.e4 c5 2.Nf3 d6 3.Bb5+ Nc6 4.O-O Bg4 5.h3 Bh5 6.c3 Qb6 7.a4 a6 8.Be2 Nf6
9.d3 e6 10.Nbd2 Qc7 11.Re1 Be7 12.Nf1 d5 13.Ng3 Bg6 14.Nh4 O-O 15.Nxg6 hxg6
16.Bf3 Rad8 17.Qe2 Bd6 18.Nf1 d4 19.g3 b5 20.axb5 axb5 21.Bg2 dxc3 22.bxc3 Be5
23.Bb2 b4 24.Rac1 bxc3 25.Bxc3 Bxc3 26.Rxc3 Nd7 27.Nd2 Nd4 28.Qe3 Nb5 29.Rc2 Qe5
30.Nf3 Qd6 31.e5 Qa6 32.Rc4 Na3 33.Rcc1 Qa4 34.Qg5 Nc2 35.Re4 Nd4 36.h4 Nxf3+
37.Bxf3 Qa3 38.Rd1 Nb6 39.h5 Rxd3 40.h6 Rxd1+ 41.Bxd1 gxh6 42.Qxh6 Rd8 43.Rh4 Rxd1+
44.Kh2 Rh1+ 45.Kxh1 Qa1+ 46.Kh2 Qxe5 47.Qd2 Nd5 48.Qa5 Nc7 49.Qa7 Kf8 50.Qb8+ Ke7
51.Rh8 Kf6 52.Qd8+ Kf5 53.Rh7 Nd5 54.Rxf7+ Ke4 55.Qh4+ Kd3 56.Rf3+ Ke2 57.Kg2 Qd4
58.Qh1 Qd1 59.Qxd1+ Kxd1 60.Rf8 c4 61.Re8 c3 62.Rxe6 c2 63.Rc6 Kd2 64.Rxc2+ Kxc2
65.Kf3 Kd3  1/2-1/2

[Event "39th Olympiad Men"]
[Site "Khanty-Mansiysk RUS"]
[Date "2010.09.24"]
[Round "4"]
[White "Zhang Zhong"]
[Black "Leon Hoyos,M"]
[Result "1/2-1/2"]
[WhiteElo "2582"]
[BlackElo "2579"]

1.e4 c5 2.Nf3 d6 3.Bb5+ Bd7 4.Bxd7+ Qxd7 5.c4 g6 6.Nc3 Bg7 7.d4 cxd4 8.Nxd4 Nf6
9.f3 O-O 10.Be3 Nc6 11.O-O Rac8 12.b3 a6 13.Na4 Qd8 14.Qd3 Qa5 15.Bd2 Qh5  1/2-1/2